Polacy w MLS w sezonie 2020/21. - Statystyki

Ogólne statystyki
  • Ten quiz został rozwiązany 33 razy
  • Średni wynik to 4 z 5
Statystyki odpowiedzi
Klub Pozycja Odpowiedź % Poprawnych
New England Revolution Środkowy napastnik Buksa
97%
Chicago Fire Prawy napastnik Frankowski
94%
Portland Timbers Środkowy napastnik Niezgoda
84%
Cincinnati Bramkarz Tytoń
75%
Philadelphia Union Środkowy napastnik Przybyłko
69%
Nie znaleziono quizów pasujących do podanych kryteriów
Rozkład punktacji
Procent ludzi z każdym wynikiem
Percentyl według liczby udzielonych odpowiedzi
Twoja historia wyników
Nie rozwiązałeś tego quizu